عرض عادي
عرض مارك
- SCIENCE / Philosophy & Social Aspects.
مدخل مصطلح موضوعي
001 - رقم الضبط
- حقل الضبط: 42512
003 - معرف رقم الضبط
- حقل الضبط: OSt
005 - تاريخ ووقت أخر عملية
- حقل الضبط: 20140127183007.0
008 - عناصر بيانات ثابتة الطول
- حقل تحكم ثابت الطول: 140127|||a|||||| | ||| d
040 ## - مصدر الفهرسة
- هيئة الفهرسة الأصلية: OSt
- وكالة الكتابة: OSt
150 ## - مدخل-- مصطلح تاريخي
- عنصر مدخل المصطلح الموضوعي او الاسم الجغرافي: SCIENCE / Philosophy & Social Aspects.
670 ## - بيانات المصدر موجوده
- الاستشهاد بالمصدر: Work cat.: (OSt)0: Colyvan, Mark. 42511, An introduction to the philosophy of mathematics /
